Política, cultura y sátira en la España isabelina (Record no. 91850)

MARC details
000 -LEADER
campo de control de longitud fija 01178nam a2200313 i 4500
001 - NÚMERO DE CONTROL
campo de control 91850
003 - IDENTIFICADOR DE NÚMERO DE CONTROL
campo de control ES-MaACL
005 - FECHA Y HORA DE LA ÚLTIMA TRANSACCIÓN
campo de control 20260303141309.0
007 - CAMPO FIJO DE DESCRIPCIÓN FÍSICA--INFORMACIÓN GENERAL
campo de control de longitud fija t|
008 - DATOS DE LONGITUD FIJA--INFORMACIÓN GENERAL
campo de control de longitud fija 050223s2004 sp |||| | spa d
020 ## - NÚMERO INTERNACIONAL ESTÁNDAR DEL LIBRO
Número Internacional Estándar del Libro 84-7822-409-2
080 ## - NÚMERO DE LA CLASIFICACIÓN DECIMAL UNIVERSAL
Número de la Clasificación Decimal Universal 929 Bernat Baldoví, José
080 ## - NÚMERO DE LA CLASIFICACIÓN DECIMAL UNIVERSAL
Número de la Clasificación Decimal Universal 050(460)"18"
080 ## - NÚMERO DE LA CLASIFICACIÓN DECIMAL UNIVERSAL
Número de la Clasificación Decimal Universal 94(460)"1843/68"
100 1# - ENTRADA PRINCIPAL--NOMBRE DE PERSONA
Nombre de persona Bordería Ortiz, Enrique.
9 (RLIN) 30395
245 10 - MENCIÓN DEL TÍTULO
Título Política, cultura y sátira en la España isabelina
Resto del título : Bernat y Baldoví /
Mención de responsabilidad, etc. Enrique Bordería Ortiz, Francesc Andreu Martínez Gallego, Inmaculada Rius Sanchis.
260 ## - PUBLICACIÓN, DISTRIBUCIÓN, ETC.
Lugar de publicación, distribución, etc. [Valencia] :
Nombre del editor, distribuidor, etc. Institució Alfons el Magnáanim,
Fecha de publicación, distribución, etc. 2004.
300 ## - DESCRIPCIÓN FÍSICA
Extensión 411 p. ;
Dimensiones 21 cm.
490 1# - MENCIÓN DE SERIE
Mención de serie Estudis universitaris ;
Designación de volumen o secuencia 93
600 14 - PUNTO DE ACCESO ADICIONAL DE MATERIA--NOMBRE DE PERSONA
Nombre de persona Bernat Baldoví, José.
9 (RLIN) 28300
650 14 - PUNTO DE ACCESO ADICIONAL DE MATERIA--TÉRMINO DE MATERIA
Término de materia o nombre geográfico como elemento de entrada Publicaciones periódicas-
Subdivisión geográfica España-
Subdivisión cronológica S.XIX.
9 (RLIN) 16603
651 #4 - PUNTO DE ACCESO ADICIONAL DE MATERIA--NOMBRE GEOGRÁFICO
Nombre geográfico España-
Subdivisión general Historia-
Subdivisión geográfica 1843-1868, Isabel II
9 (RLIN) 8256
700 1# - ENTRADA AGREGADA--NOMBRE PERSONAL
Nombre de persona Martínez Gallego, Francesc Andreu.
9 (RLIN) 78098
700 1# - ENTRADA AGREGADA--NOMBRE PERSONAL
Nombre de persona Rius Sanchis, Inmaculada.
9 (RLIN) 97519
710 2# - ENTRADA AGREGADA--NOMBRE DE ENTIDAD CORPORATIVA
Nombre de entidad corporativa o nombre de jurisdicción como elemento de entrada Institució Alfons el Magnànim
9 (RLIN) 173001
830 0# - PUNTO DE ACCESO ADICIONAL DE SERIE-TÍTULO UNIFORME
Título uniforme Estudis universitaris ;
Designación de volumen o secuencia 93
9 (RLIN) 184220
852 ## - LOCALIZACIÓN
Ubicación ES-MaACL
Número de control de estantería L-28889
Holdings
Estatus retirado Estado de pérdida Estado de daño No para préstamo Biblioteca de origen Biblioteca actual Ubicación en estantería Fecha de adquisición Fuente de adquisición Total de préstamos Signatura topográfica completa Código de barras Visto por última vez Precio de reemplazo Tipo de ítem Koha
        Biblioteca del Ateneo de Madrid Biblioteca del Ateneo de Madrid Depósito 2 17/01/2008     L-28889 1095901 23/02/2023 23/02/2023 Libro impreso